000
00265nam a22001217a 4500
082
_a
158
_b
GLA/T
100
_a
GLADWELL,MALCOLM
245
_a
THE TIPPING POINT
260
_a
LONDON
_b
ABACUS
300
_a
279
650
_a
PERSONALITY DEVELOPMENT
_z
LONDON
942
_c
BK
999
_c
5160
_d
5160